| 000 | 00398nam a2200145Ia 4500 | ||
|---|---|---|---|
| 008 | 230711s9999||||xx |||||||||||||| ||und|| | ||
| 041 | _aENG | ||
| 082 |
_a624 _bWE-P |
||
| 100 | _aWeaver,Jefferson Hane | ||
| 245 | 0 | _aPlumbers and pipe filters library | |
| 250 | _a3rd Ed. | ||
| 260 |
_c1992 _aNew Delhi _bD. B. Taraporevala Sons & Co. Pvt.Ltd |
||
| 650 | _aLibrary and Information Science | ||
| 942 | _cBK | ||
| 999 |
_c87 _d87 |
||